KOHA-Header-6

مصحف (Record no. 14004)

000 -LEADER
fixed length control field 00255nam a22001097a 4500
082 ## - DEWEY DECIMAL CLASSIFICATION NUMBER
Classification number 891.43
100 ## - MAIN ENTRY--AUTHOR NAME
Personal name نمرہ احمد
245 ## - TITLE STATEMENT
Title مصحف
260 ## - PUBLICATION, DISTRIBUTION, ETC. (IMPRINT)
Place of publication لاہور
Name of publisher علم و عرفان پبلشرز
Year of publication 2018
300 ## - PHYSICAL DESCRIPTION
Number of Pages 320 صفحات
942 ## - ADDED ENTRY ELEMENTS (KOHA)
Koha item type Books
Holdings
Withdrawn status Lost status Collection code Permanent Location Current Location Shelving location Date acquired Full call number Accession Number Koha item type
    Urdu Literature MAJU MAJU Shelf No.A11 2025-04-30 891.43 11094 Books

Powered by Koha